Hydrogen in Metals Vol 2 Application-Oriented Properties
Saved in:
| Other Authors: | , |
|---|---|
| Format: | Book |
| Language: | English |
| Published: |
Berlin Heidelberg New York :
Springer Verlag,
1978.
|
| Edition: | 1st. ed. |
| Series: | Topics in Appplied Physics
vol. 29 |
| ISBN: |
(viaz.) |
| Physical Description: |
387 s. |
| Tags: |
Add Tag
No Tags, Be the first to tag this record!
|
Titul je dostupný aj v ... 

MARC
| LEADER | 00000nam a2200000 a 4500 | ||
|---|---|---|---|
| 001 | 000217621 | ||
| 005 | 20091225184921.0 | ||
| 008 | 040101s1978 gw e eng d | ||
| 020 | |a (viaz.) | ||
| 040 | |a SVKKK |b slo |c SVKKK |e AACR2 | ||
| 041 | 0 | |a eng | |
| 044 | |a gw |c DE | ||
| 245 | 0 | 0 | |a Hydrogen in Metals |n Vol 2 |p Application-Oriented Properties |c zost. Georg Alefeld, Johann Völkl. |
| 250 | |a 1st. ed. | ||
| 260 | |a Berlin |a Heidelberg |a New York : |b Springer Verlag, |c 1978. | ||
| 300 | |a 387 s. | ||
| 490 | 1 | |a Topics in Appplied Physics |v vol. 29 | |
| 700 | 1 | |a Alefeld, Georg |4 com | |
| 700 | 1 | |a Völkl, Johann |4 com | |
| 830 | 0 | |a Topics in Appplied Physics |v vol. 29 | |
| 910 | |a svkkk | ||
| 998 | |a BK | ||
| 090 | |g SCKHL |k Sklad Pribinova 1. posch. |a IV.111672 |j 623266 |i 217621-10 |s Absenčne | ||